[Event "SVK-ch"]
[Site "Piestany"]
[Date "2025.07.13"]
[Round "6"]
[White "Druska, Juraj"]
[Black "Ftacnik, Lubomir"]
[Result "1-0"]
[WhiteElo "2429"]
[BlackElo "2439"]
[PlyCount "95"]
[EventDate "2025.07.08"]
[EventType "tourn"]
[EventRounds "9"]
[EventCountry "SVK"]
[EventCategory "9"]
[SourceTitle "CB29_2025"]
[SourceDate "2025.07.16"]
[SourceVersion "1"]
[SourceVersionDate "2025.07.16"]
[SourceQuality "1"]

1. e4 c5 2. Nf3 d6 3. d4 cxd4 4. Nxd4 Nf6 5. Nc3 a6 6. Be2 e6 7. Be3 Nc6 8. Qd2 Bd7 9. 0-0-0 b5 10. a3 b4 11. axb4 Nxb4 12. Kb1 e5 13. Nb3 a5 14. f3 a4 15. Nc1 Rb8 16. f4 Be7 17. fxe5 dxe5 18. Rhf1 Rb7 19. g4 Nxg4 20. Bxg4 Bxg4 21. Qf2 Bd6 22. Bc5 Bxd1 23. Rxd1 Rd7 24. Rxd6 Rxd6 25. Bxb4 0-0 26. Bxd6 Qxd6 27. Nxa4 f5 28. exf5 g6 29. Qg2 Rxf5 30. Nc3 Qf6 31. Nd5 Qh4 32. Ne3 Rf7 33. Ng4 Qg5 34. Qe4 Qf4 35. Qxf4 Rxf4 36. Nxe5 Rh4 37. Ncd3 Rxh2 38. b4 Kf8 39. b5 Ke7 40. b6 Kd6 41. c4 Rh1+ 42. Kc2 Rf1 43. c5+ Kd5 44. b7 Rf8 45. Nd7 Rd8 46. b8Q Rxb8 47. Nxb8 h5 48. Kd2 1-0

[Event "Munich Whitsun op-A 3rd"]
[Site "Munich"]
[Date "2025.06.14"]
[Round "9"]
[White "Oktem, Ege Tuna"]
[Black "Druska, Juraj"]
[Result "0-1"]
[WhiteElo "2240"]
[BlackElo "2423"]
[PlyCount "194"]
[EventDate "2025.06.08"]
[EventType "swiss"]
[EventRounds "9"]
[EventCountry "GER"]
[SourceTitle "CB26_2025"]
[SourceDate "2025.06.25"]
[SourceVersion "1"]
[SourceVersionDate "2025.06.25"]
[SourceQuality "1"]

1. e4 c5 2. c3 Nf6 3. e5 Nd5 4. Nf3 d6 5. d4 cxd4 6. cxd4 Nc6 7. Bc4 Nb6 8. Bb5 dxe5 9. Nxe5 Bd7 10. Nxd7 Qxd7 11. Nc3 e6 12. 0-0 Rd8 13. Be3 Be7 14. Qg4 0-0 15. Rfd1 g6 16. d5 Nxd5 17. Bxa7 Qc7 18. Nxd5 Rxd5 19. Bxc6 Qxc6 20. Rxd5 Qxd5 21. Qd4 Rd8 22. Qxd5 Rxd5 23. Be3 Bc5 24. Bxc5 Rxc5 25. b4 Rc4 26. b5 Rb4 27. a4 g5 28. h3 Kg7 29. g4 Kg6 30. Rc1 Rxa4 31. Rc7 b6 32. Rb7 Rb4 33. Rxb6 h5 34. gxh5+ Kxh5 35. Rb7 Kg6 36. b6 e5 37. Rb8 Kf5 38. b7 Rb1+ 39. Kg2 Kf4 40. h4 gxh4 41. Rh8 Rxb7 42. Rxh4+ Kg5 43. Rh7 Kg6 44. Rh8 Rb3 45. Rg8+ Kf5 46. Rh8 Kg5 47. Re8 Kf4 48. Rc8 f5 49. Rc4+ e4 50. Rc2 Kg4 51. Re2 Rd3 52. Re1 Kf4 53. Ra1 Ke5 54. Ra8 Rd6 55. Ra5+ Rd5 56. Ra4 f4 57. Ra8 Kd4 58. Kf1 Kd3 59. Ra3+ Kc2 60. Ra2+ Kb3 61. Ra8 Rc5 62. Re8 f3 63. Ke1 Kc2 64. Ra8 Rc4 65. Rd8 Kc3 66. Re8 Kd3 67. Rd8+ Kc2 68. Re8 Rc7 69. Rd8 Kc3 70. Re8 Rc4 71. Re7 Ra4 72. Rc7+ Kd4 73. Rd7+ Ke5 74. Re7+ Kf4 75. Rf7+ Kg4 76. Rg7+ Kf5 77. Rf7+ Kg5 78. Rf8 Ra1+ 79. Kd2 Rf1 80. Ke3 Re1+ 81. Kd4 Re2 82. Re8 Kf4 83. Rf8+ Kg4 84. Rg8+ Kf4 85. Rf8+ Kg5 86. Re8 Rxf2 87. Rg8+ Kf4 88. Rf8+ Kg3 89. Rg8+ Kh2 90. Kxe4 Rg2 91. Rh8+ Kg3 92. Rg8+ Kf2 93. Rf8 Rg4+ 94. Kd3 Rg7 95. Ke4 Ke2 96. Ra8 Rg4+ 97. Kf5 Rb4 0-1

[Event "Sofia Spring op 1st"]
[Site "Sofia"]
[Date "2025.05.23"]
[Round "1"]
[White "Sedivy, Martin"]
[Black "Druska, Juraj"]
[Result "1-0"]
[WhiteElo "2123"]
[BlackElo "2446"]
[PlyCount "93"]
[EventDate "2025.05.23"]
[EventType "swiss"]
[EventRounds "9"]
[EventCountry "BUL"]
[SourceTitle "CB23_2025"]
[SourceDate "2025.06.04"]
[SourceVersion "1"]
[SourceVersionDate "2025.06.04"]
[SourceQuality "1"]

1. e4 c5 2. c3 d5 3. exd5 Qxd5 4. d4 Nc6 5. Nf3 Bf5 6. Be3 cxd4 7. Nxd4 Nf6 8. Nxf5 Qxf5 9. Qb3 0-0-0 10. Bb5 Ng4 11. Bxc6 bxc6 12. Nd2 Nxe3 13. fxe3 Qd5 14. Qxd5 Rxd5 15. 0-0-0 g6 16. Nc4 Bh6 17. Kc2 Rhd8 18. e4 Rh5 19. Rxd8+ Kxd8 20. h3 Rh4 21. Ne5 f6 22. Nxc6+ Kd7 23. Nxa7 Rxe4 24. Rd1+ Kc7 25. b4 Re2+ 26. Kb3 Rxg2 27. a4 Rd2 28. Nb5+ Kc6 29. Nd4+ Kb7 30. Re1 e5 31. Ne6 Rh2 32. a5 Kc6 33. a6 Kb6 34. Ra1 Ka7 35. b5 Be3 36. Nd4 Bxd4 37. cxd4 Rxh3+ 38. Kc4 Rh4 39. b6+ Kxb6 40. a7 Rxd4+ 41. Kc3 Rd8 42. a8Q Rxa8 43. Rxa8 Kc5 44. Rh8 Kd5 45. Kd3 g5 46. Rxh7 g4 47. Rh5 1-0

[Event "Mitropa Cup"]
[Site "Trencin"]
[Date "2025.05.21"]
[Round "8.4"]
[White "Balint, Peter1"]
[Black "Druska, Juraj"]
[Result "1/2-1/2"]
[WhiteElo "2342"]
[BlackElo "2446"]
[PlyCount "90"]
[EventDate "2025.05.14"]
[EventType "team-tourn"]
[EventRounds "9"]
[EventCountry "SVK"]
[SourceTitle "CB22_2025"]
[SourceDate "2025.05.28"]
[SourceVersion "1"]
[SourceVersionDate "2025.05.28"]
[SourceQuality "1"]
[WhiteTeam "Austria"]
[BlackTeam "Slovakia"]
[WhiteTeamCountry "AUT"]
[BlackTeamCountry "SVK"]

1. e4 e5 2. Nf3 Nc6 3. Bb5 Nf6 4. d3 d6 5. 0-0 a6 6. Bxc6+ bxc6 7. d4 exd4 8. Qxd4 Be7 9. Re1 0-0 10. h3 Nd7 11. c4 Bf6 12. Qd3 Re8 13. Nbd2 Nc5 14. Qc2 Ne6 15. Nf1 a5 16. Bd2 Nd4 17. Nxd4 Bxd4 18. Bc3 Qf6 19. Bxd4 Qxd4 20. Rad1 Qc5 21. Ne3 Be6 22. Qc3 h6 23. Qd4 Qxd4 24. Rxd4 Reb8 25. Rd2 Rb4 26. Rc1 Rab8 27. Rcc2 Kf8 28. Kf1 Ke7 29. Ke2 g6 30. Kd3 g5 31. Kc3 Kf6 32. b3 Ke5 33. Rc1 R4b7 34. Re1 a4 35. Rb2 axb3 36. axb3 Ra7 37. Nc2 c5 38. Re3 Rba8 39. Ne1 Ra1 40. Nd3+ Kf6 41. e5+ Kg6 42. f4 Rf1 43. fxg5 hxg5 44. g4 Rh1 45. Rc2 Ra5 1/2-1/2

[Event "Mitropa Cup"]
[Site "Trencin"]
[Date "2025.05.15"]
[Round "2.4"]
[White "Druska, Juraj"]
[Black "Lumachi, Gabriele"]
[Result "1/2-1/2"]
[WhiteElo "2446"]
[BlackElo "2438"]
[PlyCount "77"]
[EventDate "2025.05.14"]
[EventType "team-tourn"]
[EventRounds "9"]
[EventCountry "SVK"]
[SourceTitle "CB22_2025"]
[SourceDate "2025.05.28"]
[SourceVersion "1"]
[SourceVersionDate "2025.05.28"]
[SourceQuality "1"]
[WhiteTeam "Slovakia"]
[BlackTeam "Italy"]
[WhiteTeamCountry "SVK"]
[BlackTeamCountry "ITA"]

1. c4 c5 2. Nc3 g6 3. g3 Bg7 4. Bg2 Nc6 5. b3 Nf6 6. Bb2 0-0 7. e3 e6 8. Nge2 d5 9. cxd5 Nxd5 10. 0-0 b6 11. d4 Ba6 12. Nxd5 exd5 13. Re1 Re8 14. Nf4 cxd4 15. Nxd5 dxe3 16. Nxe3 Bxb2 17. Bxc6 Bc3 18. Qf3 Bxe1 19. Rxe1 Rc8 20. Rd1 Qe7 21. Bxe8 Rxe8 22. Qf4 Rd8 23. Rxd8+ Qxd8 24. Qa4 Qc8 25. Qd4 Bb7 26. Kf1 Bf3 27. Ke1 Qc1+ 28. Nd1 Qc6 29. Kd2 h5 30. Ne3 Qb5 31. Nc4 Bd5 32. Kc3 Bxc4 33. Qxc4 Qa5+ 34. b4 Qa3+ 35. Kd2 Qf3 36. Qd4 Qa3 37. Qc4 Qf3 38. Qd4 Qa3 39. Qc4 1/2-1/2

[Event "SVK-chT rapid"]
[Site "Poprad"]
[Date "2025.05.04"]
[Round "3.1"]
[White "Zvarik, Martin"]
[Black "Druska, Juraj"]
[Result "0-1"]
[WhiteElo "2159"]
[BlackElo "2416"]
[PlyCount "34"]
[EventDate "2025.05.04"]
[EventType "team-swiss (rapid)"]
[EventRounds "7"]
[EventCountry "SVK"]
[SourceTitle "CB19_2025"]
[SourceDate "2025.05.07"]
[SourceVersion "1"]
[SourceVersionDate "2025.05.07"]
[SourceQuality "1"]

1. e4 c5 2. Nc3 Nc6 3. f4 g6 4. Nf3 Bg7 5. Bb5 Nd4 6. 0-0 e6 7. a4 Ne7 8. e5 a6 9. Bd3 d6 10. Ne4 dxe5 11. fxe5 0-0 12. Nf6+ Bxf6 13. exf6 Nef5 14. g4 c4 15. Bxc4 Nxf3+ 16. Qxf3 Qd4+ 17. Qf2 Qxg4+ 0-1

[Event "SVK-ch rapid"]
[Site "Poprad"]
[Date "2025.05.03"]
[Round "4"]
[White "Balazs, Ladislav"]
[Black "Druska, Juraj"]
[Result "0-1"]
[WhiteElo "2048"]
[BlackElo "2416"]
[PlyCount "92"]
[EventDate "2025.05.03"]
[EventType "swiss (rapid)"]
[EventRounds "7"]
[EventCountry "SVK"]
[SourceTitle "CB19_2025"]
[SourceDate "2025.05.07"]
[SourceVersion "1"]
[SourceVersionDate "2025.05.07"]
[SourceQuality "1"]

1. e4 c5 2. Nf3 Nc6 3. d4 cxd4 4. Nxd4 g6 5. Nc3 Bg7 6. Nxc6 bxc6 7. Bc4 d6 8. 0-0 Qc7 9. Qf3 Nf6 10. h3 0-0 11. Qg3 Rb8 12. Re1 Nd7 13. Qh4 Re8 14. Bb3 Qa5 15. Bh6 Bf6 16. Qg3 Qh5 17. Be3 a5 18. Rad1 Ba6 19. f4 Bh4 20. Qg4 Qxg4 21. hxg4 Bxe1 22. Rxe1 Nc5 23. e5 Rb4 24. Bf2 Kf8 25. Rd1 Nxb3 26. axb3 Rxf4 27. exd6 exd6 28. Rxd6 Rxg4 29. Bc5 Kg7 30. Kf2 h5 31. g3 Re6 32. Rd1 Rf6+ 33. Kg2 Rf5 34. Bd4+ Kh7 35. Kh2 c5 36. Bg1 Rf3 37. Rd7 Rfxg3 38. Bxc5 Rf3 39. Rd1 Bf1 40. Rxf1 Rxf1 41. Nd5 Kg7 42. c3 f6 43. b4 Rb1 44. bxa5 Rxb2+ 45. Kh3 Ra4 46. Bb6 Kf7 0-1

[Event "SVK-ch blitz"]
[Site "Poprad"]
[Date "2025.05.02"]
[Round "13"]
[White "Druska, Juraj"]
[Black "Bochnicka, Vladimir1"]
[Result "1-0"]
[WhiteElo "2410"]
[BlackElo "2195"]
[PlyCount "81"]
[EventDate "2025.05.02"]
[EventType "swiss (blitz)"]
[EventRounds "13"]
[EventCountry "SVK"]
[SourceTitle "CB19_2025"]
[SourceDate "2025.05.07"]
[SourceVersion "1"]
[SourceVersionDate "2025.05.07"]
[SourceQuality "1"]

1. d4 d5 2. Nf3 Nf6 3. e3 e6 4. Bd3 c5 5. b3 Be7 6. 0-0 0-0 7. Bb2 Nbd7 8. Nbd2 b6 9. Ne5 Bb7 10. f4 Ne4 11. Qe2 Rc8 12. Nxe4 dxe4 13. Bb5 Nxe5 14. dxe5 Qc7 15. Rad1 Rcd8 16. a4 Rxd1 17. Rxd1 Rd8 18. Rd2 Rxd2 19. Qxd2 Qd8 20. Qxd8+ Bxd8 21. Kf2 g5 22. g3 Kg7 23. g4 Kg6 24. h3 h5 25. Bd7 hxg4 26. hxg4 Kg7 27. f5 Bd5 28. c4 Bb7 29. fxe6 fxe6 30. Bxe6 Kf8 31. Bd5 Bxd5 32. cxd5 a6 33. e6 Bc7 34. Bf6 b5 35. axb5 axb5 36. Bxg5 Be5 37. Ke2 Kg7 38. Be7 c4 39. bxc4 bxc4 40. d6 Bxd6 41. Bxd6 1-0

[Event "SVK-ch blitz"]
[Site "Poprad"]
[Date "2025.05.02"]
[Round "5"]
[White "Druska, Juraj"]
[Black "Haring, Filip"]
[Result "0-1"]
[WhiteElo "2410"]
[BlackElo "2400"]
[PlyCount "78"]
[EventDate "2025.05.02"]
[EventType "swiss (blitz)"]
[EventRounds "13"]
[EventCountry "SVK"]
[SourceTitle "CB19_2025"]
[SourceDate "2025.05.07"]
[SourceVersion "1"]
[SourceVersionDate "2025.05.07"]
[SourceQuality "1"]

1. d4 Nf6 2. Nf3 b6 3. e3 Bb7 4. Bd3 g6 5. 0-0 Bg7 6. b3 0-0 7. Bb2 d6 8. Nbd2 Nbd7 9. Qe2 a5 10. e4 Nh5 11. g3 e6 12. a4 Qe7 13. Rad1 Rae8 14. Rfe1 f5 15. exf5 gxf5 16. Nh4 Nf4 17. Qf1 Qg5 18. Bb5 c6 19. Bc4 d5 20. Bc1 Qh5 21. Ndf3 dxc4 22. Bxf4 cxb3 23. cxb3 c5 24. Ne5 Rd8 25. Nxd7 Rxd7 26. dxc5 Rxd1 27. Rxd1 e5 28. Rd7 Be4 29. Rxg7+ Kxg7 30. Bxe5+ Kg8 31. c6 Qf7 32. Qc1 Qe6 33. Qg5+ Kf7 34. Qh5+ Kg8 35. Qg5+ Kf7 36. Qg7+ Ke8 37. Ng2 Qxc6 38. Ne3 Qc1+ 39. Nf1 Bd3 0-1

[Event "SVK-ch blitz"]
[Site "Poprad"]
[Date "2025.05.02"]
[Round "1"]
[White "Druska, Juraj"]
[Black "Sekera, Timotej"]
[Result "1-0"]
[WhiteElo "2410"]
[BlackElo "1875"]
[PlyCount "57"]
[EventDate "2025.05.02"]
[EventType "swiss (blitz)"]
[EventRounds "13"]
[EventCountry "SVK"]
[SourceTitle "CB19_2025"]
[SourceDate "2025.05.07"]
[SourceVersion "1"]
[SourceVersionDate "2025.05.07"]
[SourceQuality "1"]

1. d4 Nf6 2. Nf3 e6 3. e3 b6 4. Bd3 Bb7 5. 0-0 Be7 6. b3 0-0 7. Bb2 d5 8. Nbd2 c5 9. Ne5 Nbd7 10. f4 Ne4 11. Qe2 Ndf6 12. Ndf3 Rc8 13. Rac1 Qc7 14. c4 Rfd8 15. Ng5 Rf8 16. b4 h6 17. Ngf3 Qb8 18. bxc5 bxc5 19. Ba1 cxd4 20. Bxd4 Bc5 21. Rb1 Bxd4 22. Nxd4 Qa8 23. Rfc1 dxc4 24. Nxc4 Bd5 25. Rc2 Nc5 26. Rbc1 Nxd3 27. Qxd3 Bxc4 28. Rxc4 Qd5 29. Rxc8 1-0

[Event "EU-ch 25th"]
[Site "Eforie Nord"]
[Date "2025.03.24"]
[Round "9"]
[White "Negrean, Andrei"]
[Black "Druska, Juraj"]
[Result "0-1"]
[WhiteElo "2280"]
[BlackElo "2450"]
[PlyCount "112"]
[EventDate "2025.03.15"]
[EventType "swiss"]
[EventRounds "11"]
[EventCountry "ROU"]
[SourceTitle "CB13_2025"]
[SourceDate "2025.03.26"]
[SourceVersion "1"]
[SourceVersionDate "2025.03.26"]
[SourceQuality "1"]

1. Nf3 g6 2. e4 Bg7 3. d4 d6 4. Nc3 Nf6 5. h3 0-0 6. Be3 a6 7. a4 b6 8. Bd3 Bb7 9. 0-0 e6 10. Qd2 c5 11. dxc5 bxc5 12. e5 dxe5 13. Nxe5 Nd5 14. Nxd5 Qxd5 15. Nf3 c4 16. Be2 Bxb2 17. Rad1 Bg7 18. Qb4 Qe4 19. Qxc4 Rc8 20. Qxe4 Bxe4 21. Bd3 Bc6 22. a5 Bc3 23. Bd2 Bd5 24. Rfe1 Nd7 25. Bxc3 Rxc3 26. Nd2 Ra7 27. Ra1 Kg7 28. f3 h5 29. Kf2 Nc5 30. Ke2 Nxd3 31. cxd3 Rac7 32. Reb1 Bc6 33. Rc1 Rxc1 34. Rxc1 Bxf3+ 35. Kxf3 Rxc1 36. Nc4 Rc2 37. g4 h4 38. g5 f6 39. gxf6+ Kxf6 40. Nd6 Ra2 41. Nc4 Rh2 42. Kg4 Rg2+ 43. Kxh4 g5+ 44. Kh5 Rg3 45. Nd6 Rxh3+ 46. Kg4 Rxd3 47. Ne4+ Ke5 48. Nc5 Rd5 49. Nxa6 Rxa5 50. Nc7 Kf6 51. Ne8+ Ke7 52. Ng7 Kf7 53. Nh5 Kg6 54. Ng3 Ra4+ 55. Kh3 Ra3 56. Kg4 Rxg3+ 0-1

[Event "EU-ch 25th"]
[Site "Eforie Nord"]
[Date "2025.03.23"]
[Round "8"]
[White "Druska, Juraj"]
[Black "Yeritsyan, Hayk"]
[Result "0-1"]
[WhiteElo "2450"]
[BlackElo "2323"]
[PlyCount "80"]
[EventDate "2025.03.15"]
[EventType "swiss"]
[EventRounds "11"]
[EventCountry "ROU"]
[SourceTitle "CB13_2025"]
[SourceDate "2025.03.26"]
[SourceVersion "1"]
[SourceVersionDate "2025.03.26"]
[SourceQuality "1"]

1. d4 Nf6 2. c4 e6 3. Nf3 a6 4. Nc3 d5 5. cxd5 exd5 6. Bg5 c6 7. e3 Be6 8. Bd3 Bd6 9. h3 Nbd7 10. Bf4 Qc7 11. Qd2 0-0 12. 0-0 Rfe8 13. b4 b5 14. a4 Nb6 15. Rfb1 Nc4 16. Qc1 Qe7 17. Bxd6 Qxd6 18. Ne2 Ne4 19. Bxe4 dxe4 20. Nd2 Nxd2 21. Qxd2 Bc4 22. Ra3 Rab8 23. Rba1 a5 24. axb5 axb4 25. Ra4 Rxb5 26. Rc1 Bd5 27. Nf4 b3 28. Qb2 Reb8 29. Rc3 h6 30. h4 g6 31. g3 Rb4 32. Ra5 Rc4 33. Nxd5 cxd5 34. Rxb3 Rbc8 35. Ra1 Kg7 36. Qe2 Rc2 37. Qg4 Rc1+ 38. Rxc1 Rxc1+ 39. Kh2 Qa6 40. Qh3 Qa2 0-1

[Event "EU-ch 25th"]
[Site "Eforie Nord"]
[Date "2025.03.17"]
[Round "3"]
[White "Gov, Guy"]
[Black "Druska, Juraj"]
[Result "0-1"]
[WhiteElo "2281"]
[BlackElo "2450"]
[PlyCount "110"]
[EventDate "2025.03.15"]
[EventType "swiss"]
[EventRounds "11"]
[EventCountry "ROU"]
[SourceTitle "CB13_2025"]
[SourceDate "2025.03.26"]
[SourceVersion "1"]
[SourceVersionDate "2025.03.26"]
[SourceQuality "1"]

1. e4 e6 2. d4 d5 3. Nd2 c5 4. exd5 Qxd5 5. Ngf3 cxd4 6. Bc4 Qd7 7. 0-0 Nc6 8. Nb3 a6 9. a4 Qc7 10. Qe2 Nf6 11. Rd1 Bd7 12. Nbxd4 Be7 13. Bxe6 fxe6 14. Nxe6 Bxe6 15. Qxe6 Rd8 16. Re1 Nd4 17. Nxd4 Rxd4 18. Bg5 Qd7 19. Bxf6 Qxe6 20. Rxe6 gxf6 21. Rae1 Rd7 22. Rxf6 Rf8 23. Rfe6 Rf4 24. b3 Kf7 25. g3 Rf3 26. Kg2 Rc3 27. R1e2 Rdc7 28. h4 Bc5 29. R6e5 Bd4 30. Rf5+ Kg8 31. Re8+ Kg7 32. Re4 Rd7 33. Rg4+ Kh6 34. Rgg5 Rd6 35. Rh5+ Kg7 36. Rhg5+ Rg6 37. Rd5 Rxg5 38. hxg5 Bc5 39. Rd7+ Kg6 40. f4 b6 41. Rc7 h5 42. gxh6 Kxh6 43. Kh3 Kh5 44. a5 b5 45. Rc6 b4 46. Rxa6 Bf2 47. Kg2 Bxg3 48. Rb6 Kg4 49. Rxb4 Rxc2+ 50. Kf1 Rf2+ 51. Kg1 Kh3 52. Rc4 Rf3 53. Rc1 Bxf4 54. Rd1 Be3+ 55. Kh1 Rf2 0-1

[Event "EU-ch 25th"]
[Site "Eforie Nord"]
[Date "2025.03.16"]
[Round "2"]
[White "Druska, Juraj"]
[Black "Krzywda, Andrzej"]
[Result "1-0"]
[WhiteElo "2450"]
[BlackElo "2152"]
[PlyCount "49"]
[EventDate "2025.03.15"]
[EventType "swiss"]
[EventRounds "11"]
[EventCountry "ROU"]
[SourceTitle "CB13_2025"]
[SourceDate "2025.03.26"]
[SourceVersion "1"]
[SourceVersionDate "2025.03.26"]
[SourceQuality "1"]

1. d4 Nf6 2. c4 c5 3. d5 b5 4. cxb5 a6 5. e3 g6 6. Nc3 Bg7 7. a4 0-0 8. e4 Bb7 9. Bc4 e6 10. Nge2 exd5 11. exd5 d6 12. 0-0 Nbd7 13. Bf4 Nb6 14. Qd3 Nxc4 15. Qxc4 Re8 16. Rfd1 axb5 17. axb5 Rxa1 18. Rxa1 h5 19. h3 Qb6 20. Ng3 Nd7 21. Nge4 Ne5 22. Qa4 Nd3 23. Qa7 Qxa7 24. Rxa7 Nxf4 25. Rxb7 1-0

[Event "SVK-chT 2425"]
[Site "Slovakia"]
[Date "2025.02.15"]
[Round "5.1"]
[White "Druska, Juraj"]
[Black "Korobov, Anton"]
[Result "1/2-1/2"]
[WhiteElo "2442"]
[BlackElo "2627"]
[PlyCount "139"]
[EventDate "2024.11.23"]
[EventType "team-tourn"]
[EventRounds "11"]
[EventCountry "SVK"]
[SourceTitle "CB14_2025"]
[SourceDate "2024.11.01"]
[SourceVersion "1"]
[SourceVersionDate "2024.11.01"]
[SourceQuality "1"]
[WhiteTeam "Liptov Chess School"]
[BlackTeam "Modra"]
[WhiteTeamCountry "SVK"]
[BlackTeamCountry "SVK"]

1. e4 c5 2. Nf3 d6 3. d4 cxd4 4. Nxd4 Nf6 5. Nc3 a6 6. Be3 Ng4 7. Bc1 Nf6 8. Be3 e5 9. Nf3 Qc7 10. Be2 Be7 11. 0-0 0-0 12. a4 b6 13. Qd3 Nbd7 14. Qc4 Qxc4 15. Bxc4 Bb7 16. Nd2 Rfc8 17. f3 Rc7 18. Rfd1 Rac8 19. b3 Kf8 20. Bf2 Nh5 21. g3 g6 22. Nf1 f5 23. Ne3 Nhf6 24. Ncd5 Nxd5 25. Nxd5 Rxc4 26. bxc4 Rxc4 27. exf5 gxf5 28. Ne3 Rc7 29. Kg2 f4 30. gxf4 exf4 31. Nf5 Ne5 32. Nd4 Rc3 33. Be1 Rc4 34. Rab1 Rxa4 35. Rxb6 Bd5 36. Rbb1 Bf6 37. c3 Ra2+ 38. Rd2 Ra3 39. Rdd1 Nc4 40. Ra1 Bxd4 41. Rxa3 Ne3+ 42. Kh1 Bxf3+ 43. Kg1 Bc5 44. Rd4 Nc2 45. Ra5 Nxd4 46. cxd4 Bxd4+ 47. Bf2 Be5 48. Rxa6 Kf7 49. Ra3 Be4 50. Ra4 Bg6 51. Bb6 Ke6 52. Kf2 Bc2 53. Ra2 Be4 54. Ra4 Kf5 55. Bc7 h5 56. Rb4 Bh1 57. Rb5 Ke6 58. Rb4 Bd5 59. Bb6 Bc6 60. Bc7 Kf5 61. Kf1 Bd5 62. Rb6 Bc4+ 63. Kg2 Ke6 64. Rb4 Kd5 65. Bb6 Bc3 66. Ra4 Be5 67. Kf3 Bb3 68. Rxf4 Bd1+ 69. Ke3 Bxf4+ 70. Kxf4 1/2-1/2

[Event "Seville op 50th"]
[Site "Seville"]
[Date "2025.01.17"]
[Round "8"]
[White "Agdestein, Simen"]
[Black "Druska, Juraj"]
[Result "1-0"]
[WhiteElo "2564"]
[BlackElo "2438"]
[PlyCount "125"]
[EventDate "2025.01.10"]
[EventType "swiss"]
[EventRounds "9"]
[EventCountry "ESP"]
[SourceTitle "CB04_2025"]
[SourceDate "2025.01.22"]
[SourceVersion "1"]
[SourceVersionDate "2025.01.22"]
[SourceQuality "1"]

1. d4 g6 2. e4 Bg7 3. c4 d6 4. Ne2 c5 5. d5 b5 6. cxb5 a6 7. Nec3 Nf6 8. a4 0-0 9. Ra3 e6 10. dxe6 fxe6 11. Be2 Bb7 12. Bf3 Qe7 13. 0-0 Nfd7 14. Be3 Ne5 15. Be2 g5 16. Qd2 Nf7 17. Bh5 h6 18. Rd1 Be5 19. Qd3 Nd7 20. Nd2 Nf6 21. Be2 axb5 22. Nxb5 Bxb2 23. Ra2 Be5 24. f3 d5 25. Qa3 Rfc8 26. Rc1 Nd7 27. Nb3 dxe4 28. fxe4 Bxe4 29. Nxc5 Bd5 30. Rac2 Nxc5 31. Rxc5 Rxc5 32. Rxc5 Qb7 33. Bf1 Qb8 34. h3 Bh2+ 35. Kh1 Qg3 36. Rxd5 exd5 37. Qd3 Ra6 38. Nd4 Rf6 39. Nf3 Re6 40. Bd2 Re4 41. a5 g4 42. Qxd5 gxf3 43. Qxe4 Qf2 44. Kxh2 Qxd2 45. a6 Ng5 46. Qe8+ Kg7 47. Qe7+ Kg6 48. Qe8+ Kg7 49. Qe5+ Kg6 50. Qg3 fxg2 51. Bd3+ Kf6 52. a7 Qa2 53. Qf4+ Ke7 54. Qc7+ Kf6 55. Qd8+ Ke5 56. a8Q g1B+ 57. Kxg1 Nxh3+ 58. Kh1 Nf2+ 59. Kg2 Qxa8+ 60. Qxa8 Nxd3 61. Kf3 Nc5 62. Qh8+ Kd5 63. Ke3 1-0

[Event "Seville op 50th"]
[Site "Seville"]
[Date "2025.01.12"]
[Round "3"]
[White "Hu, Jiani"]
[Black "Druska, Juraj"]
[Result "0-1"]
[WhiteElo "2095"]
[BlackElo "2438"]
[PlyCount "130"]
[EventDate "2025.01.10"]
[EventType "swiss"]
[EventRounds "9"]
[EventCountry "ESP"]
[SourceTitle "CB04_2025"]
[SourceDate "2025.01.22"]
[SourceVersion "1"]
[SourceVersionDate "2025.01.22"]
[SourceQuality "1"]

1. e4 c5 2. Nc3 d6 3. g3 g6 4. Bg2 Bg7 5. d3 Nc6 6. Be3 e6 7. Qd2 Rb8 8. Nge2 b5 9. 0-0 b4 10. Nd1 a5 11. f4 Nge7 12. c3 0-0 13. Nf2 Qb6 14. Rfd1 Ba6 15. g4 d5 16. f5 exf5 17. gxf5 Rfd8 18. Ng3 Ne5 19. cxb4 Qxb4 20. Qxb4 cxb4 21. d4 Nc4 22. Bg5 f6 23. Bf4 Rbc8 24. b3 g5 25. Bc1 Nd6 26. exd5 Ndxf5 27. Nxf5 Nxf5 28. Ne4 Nxd4 29. Rxd4 f5 30. Rd1 fxe4 31. Bxg5 Bxa1 32. Bxd8 Rxd8 33. Rxa1 Bd3 34. Kf2 Rxd5 35. Ke3 Bc2 36. Bf1 Rh5 37. Bc4+ Kg7 38. Rg1+ Kf6 39. Rg2 Rh3+ 40. Kd4 Rc3 41. Re2 Bd3 42. Rf2+ Kg6 43. Bd5 e3 44. Kxe3 Bc4+ 45. Kd4 Bxd5 46. Kxd5 h6 47. Ke4 Rh3 48. Kf4 Kh5 49. Rd2 Kh4 50. Kf5 Rc3 51. Kg6 Rc6+ 52. Kf5 h5 53. Rd5 Rc2 54. Rxa5 Rxh2 55. Kg6 Kg4 56. Ra4 h4 57. Rxb4+ Kg3 58. Kg5 h3 59. Rg4+ Kf3 60. Kh4 Rg2 61. Rc4 h2 62. Rc3+ Kf4 63. Rc4+ Ke5 64. Rc5+ Kd6 65. Rc1 Rg1 0-1